00309nam a2200109Ia 4500008004100000082001000041100002900051245003300080260002000113630003300133730003300166100328s9999 xx 000 0 und d b51626 aखरात ह.शि. aबिंग कविता bडिंपल aबिंग कविता aबिंग कविता